[Event "Staufer op 08th"]
[Site "Schwaebisch Gmuend"]
[Date "1996.??.??"]
[Round "9"]
[White "Keller, Wolfgang"]
[Black "Petrosian, Karen"]
[Result "0-1"]
[WhiteElo "2205"]
[BlackElo "2375"]
[PlyCount "61"]
[EventDate "1996.01.??"]
[EventType "swiss"]
[EventRounds "9"]
[EventCountry "GER"]
[SourceTitle "EXT 1998"]
[Source "ChessBase"]
[SourceDate "1997.11.17"]
[SourceVersion "1"]
[SourceVersionDate "1997.11.17"]
[SourceQuality "1"]

1. e4 c5 2. Nf3 e6 3. Nc3 Nc6 4. Bb5 Nge7 5. 0-0 Nd4 6. Nxd4 cxd4 7. Ne2 a6 8. Ba4 Nc6 9. d3 b5 10. Bb3 Be7 11. c3 dxc3 12. bxc3 Na5 13. a4 Nxb3 14. Qxb3 bxa4 15. Rxa4 0-0 16. Ba3 d6 17. Rb1 Bd7 18. Rb4 d5 19. Rb6 Bxa3 20. Qxa3 Bb5 21. Rd6 Qg5 22. Ng3 Bxd3 23. Rd1 dxe4 24. c4 Bxc4 25. Nxe4 Qh4 26. Nc5 Bd5 27. f3 Rfc8 28. Rxa6 Rxa6 29. Nxa6 Rc2 30. Qe3 Qa4 31. Qb6 0-1

[Event "Staufer op 08th"]
[Site "Schwaebisch Gmuend"]
[Date "1996.??.??"]
[Round "8"]
[White "Petrosian, Karen"]
[Black "Galdunts, Sergey"]
[Result "0-1"]
[WhiteElo "2375"]
[BlackElo "2450"]
[PlyCount "76"]
[EventDate "1996.01.??"]
[EventType "swiss"]
[EventRounds "9"]
[EventCountry "GER"]
[SourceTitle "EXT 1998"]
[Source "ChessBase"]
[SourceDate "1997.11.17"]
[SourceVersion "1"]
[SourceVersionDate "1997.11.17"]
[SourceQuality "1"]

1. c4 e5 2. Nc3 Nc6 3. Nf3 g6 4. d4 exd4 5. Nd5 Bg7 6. Bg5 f6 7. Bf4 d6 8. Nxd4 a6 9. Qd2 Ne5 10. e4 Ne7 11. Bh6 0-0 12. Bxg7 Kxg7 13. Be2 N7c6 14. 0-0 Re8 15. f4 Nxd4 16. Qxd4 c5 17. Qf2 Nc6 18. Bd3 Be6 19. Rae1 Nd4 20. Re3 Bxd5 21. cxd5 f5 22. exf5 Rxe3 23. Qxe3 gxf5 24. Re1 Kh8 25. b4 b6 26. bxc5 bxc5 27. Rb1 Qf8 28. Qh3 Qf7 29. Qh6 Qe7 30. Bxa6 Nf3+ 31. Kh1 Nd2 32. Rd1 Rxa6 33. Qh3 Ne4 34. Kg1 Qf6 35. Qb3 Ra8 36. Qb7 Rxa2 37. Qc8+ Kg7 38. Qd7+ Kh6 0-1

[Event "Bern op"]
[Site "Bern"]
[Date "1996.??.??"]
[Round "4"]
[White "Petrosian, Karen"]
[Black "Suter, Stephan"]
[Result "1-0"]
[WhiteElo "2375"]
[BlackElo "2120"]
[PlyCount "115"]
[EventDate "1996.02.??"]
[EventType "swiss"]
[EventRounds "9"]
[EventCountry "SUI"]
[SourceTitle "CBM 051 Extra"]
[Source "ChessBase"]
[SourceDate "1996.05.01"]
[SourceVersion "1"]
[SourceVersionDate "1996.05.01"]
[SourceQuality "1"]

1. d4 Nf6 2. c4 c5 3. d5 b5 4. cxb5 a6 5. b6 d6 6. Nc3 g6 7. Qb3 Bb7 8. a4 a5 9. e4 Nbd7 10. Bb5 Bg7 11. Nf3 0-0 12. 0-0 Nxb6 13. h3 Qc7 14. Be3 Nfd7 15. Nd2 Rfb8 16. Rac1 Ba6 17. Bxa6 Rxa6 18. Qc2 Qb7 19. b3 Na8 20. f4 Nc7 21. Qd3 Rb6 22. h4 Qa6 23. Qc2 Rb4 24. Na2 R4b7 25. Rce1 Nf6 26. Nc1 Ng4 27. Nc4 Nxe3 28. Nxe3 Bd4 29. Qd2 Ne8 30. Kh1 Bxe3 31. Qxe3 Nf6 32. Qf3 Rb4 33. e5 Ne4 34. Re2 Rd4 35. Rfe1 Rbb4 36. exd6 exd6 37. Na2 f5 38. Nxb4 axb4 39. Rxe4 fxe4 40. Rxe4 Rxe4 41. Qxe4 c4 42. Qe8+ Kg7 43. Qe7+ Kg8 44. Qe8+ Kg7 45. Qe2 Kg8 46. a5 Qxa5 47. Qxc4 Qc5 48. Qe4 Qc3 49. Qe8+ Kg7 50. Qe7+ Kg8 51. Kh2 Qc5 52. Qe4 Qc3 53. Qe6+ Kg7 54. Qxd6 Qxb3 55. Qe7+ Kh6 56. Qg5+ Kg7 57. f5 Qd3 58. f6+ 1-0

[Event "Budapest FS08 GM"]
[Site "Budapest"]
[Date "1995.??.??"]
[Round "11"]
[White "Delchev, Aleksander"]
[Black "Petrosian, Karen"]
[Result "1-0"]
[WhiteElo "2455"]
[BlackElo "2400"]
[PlyCount "93"]
[EventDate "1995.08.??"]
[EventType "tourn"]
[EventRounds "13"]
[EventCountry "HUN"]
[EventCategory "8"]
[SourceTitle "EXT 1997"]
[Source "ChessBase"]
[SourceDate "1996.11.15"]
[SourceVersion "1"]
[SourceVersionDate "1996.11.15"]
[SourceQuality "1"]

1. c4 c6 2. e4 e5 3. Nf3 d6 4. d4 Nd7 5. Be2 Ngf6 6. Nc3 Be7 7. 0-0 0-0 8. Qc2 Re8 9. Rd1 Bf8 10. Be3 Ng4 11. Bg5 f6 12. Bd2 g6 13. d5 c5 14. a3 Nh6 15. b4 b6 16. Rab1 Nf7 17. Bd3 Bh6 18. Be1 Kh8 19. Nd2 Bxd2 20. Bxd2 g5 21. Ne2 Nf8 22. Ng3 Ng6 23. Nf5 Ne7 24. Ne3 Rg8 25. Rf1 Qe8 26. f3 h5 27. Rf2 Nh6 28. a4 Qf7 29. a5 f5 30. exf5 Nhxf5 31. Nxf5 Nxf5 32. Qa2 Nd4 33. axb6 Bf5 34. Bxf5 Qxf5 35. b7 Raf8 36. Bc3 g4 37. Bxd4 gxf3 38. Rbf1 fxg2 39. Rxf5 gxf1Q+ 40. Kxf1 Rxf5+ 41. Bf2 Rgf8 42. bxc5 dxc5 43. Ke1 R5f7 44. Qxa7 Rxf2 45. b8Q Rf1+ 46. Ke2 R1f2+ 47. Ke3 1-0

[Event "Budapest FS07 GM"]
[Site "Budapest"]
[Date "1995.??.??"]
[Round "?"]
[White "Godena, Michele"]
[Black "Petrosian, Karen"]
[Result "1-0"]
[WhiteElo "2420"]
[BlackElo "2400"]
[PlyCount "135"]
[EventDate "1995.07.??"]
[EventType "tourn"]
[EventRounds "13"]
[EventCountry "HUN"]
[EventCategory "7"]
[SourceTitle "EXT 1997"]
[Source "ChessBase"]
[SourceDate "1996.11.15"]
[SourceVersion "1"]
[SourceVersionDate "1996.11.15"]
[SourceQuality "1"]

1. e4 c6 2. d4 d5 3. Nc3 dxe4 4. Nxe4 Nd7 5. Nf3 Ngf6 6. Nxf6+ Nxf6 7. c3 Bg4 8. Qd3 e6 9. Ne5 Bd6 10. Nxg4 Nxg4 11. Be2 Nf6 12. Bd2 Qc7 13. g3 0-0 14. 0-0 e5 15. dxe5 Bxe5 16. Rad1 Rad8 17. Qc2 Rfe8 18. Bf3 Qc8 19. Be3 a6 20. Rxd8 Rxd8 21. Re1 h6 22. Bxh6 Bxg3 23. hxg3 gxh6 24. Kg2 Kg7 25. Qb3 Nh7 26. Qb4 Qf5 27. Be4 Qf6 28. Bxh7 Rd2 29. Rf1 Kxh7 30. Qxb7 Qe6 31. Qxa6 Rxb2 32. Qd3+ Kg7 33. Qd4+ Kh7 34. Qd3+ Kg7 35. Qd4+ Kh7 36. a4 Ra2 37. Rb1 c5 38. Qf4 Qd5+ 39. Kh2 c4 40. Rb5 Qe6 41. a5 Qg6 42. Rf5 Kg8 43. Qxc4 Ra1 44. Qd5 Rd1 45. Qf3 Rd6 46. Kg2 Qe6 47. Rf4 Kf8 48. Qa8+ Kg7 49. Qe4 Qd7 50. Rg4+ Kf8 51. Qa8+ Ke7 52. Re4+ Kf6 53. Qh8+ Kg6 54. Qg8+ Kf6 55. Rf4+ Ke6 56. Qg4+ Ke7 57. Re4+ Kf6 58. Qxd7 Rxd7 59. a6 Ra7 60. Ra4 Ke5 61. Kf3 Kd5 62. Kg4 Kc5 63. c4 Kd4 64. Kh5 f5 65. Kxh6 Ke4 66. Kg5 Rg7+ 67. Kf6 Ra7 68. Ke6 1-0

[Event "Budapest FS08 GM"]
[Site "Budapest"]
[Date "1995.??.??"]
[Round "8"]
[White "Petrosian, Karen"]
[Black "Beim, Valery"]
[Result "1-0"]
[WhiteElo "2400"]
[BlackElo "2545"]
[PlyCount "71"]
[EventDate "1995.08.??"]
[EventType "tourn"]
[EventRounds "13"]
[EventCountry "HUN"]
[EventCategory "8"]
[SourceTitle "EXT 1997"]
[Source "ChessBase"]
[SourceDate "1996.11.15"]
[SourceVersion "1"]
[SourceVersionDate "1996.11.15"]
[SourceQuality "1"]

1. d4 d6 2. e4 Nf6 3. Nc3 g6 4. f4 Bg7 5. Nf3 0-0 6. Bd3 Na6 7. 0-0 c5 8. d5 Bg4 9. a3 Nc7 10. h3 Bxf3 11. Qxf3 Nd7 12. f5 Rb8 13. Qg3 b5 14. Bg5 c4 15. Be2 Ne8 16. h4 Nef6 17. Bf3 b4 18. axb4 Rxb4 19. Bc1 Rxb2 20. Rf2 Rb7 21. h5 gxh5 22. Bh6 Ng4 23. Bxg7 Kxg7 24. Bxg4 hxg4 25. Qxg4+ Kh8 26. Qh3 Nf6 27. Re2 Qb6+ 28. Kh1 Qd4 29. g4 Rg8 30. Rg1 Rg5 31. Qh6 Rg7 32. Qh3 Rb8 33. g5 Rbg8 34. Rd1 Qe5 35. gxf6 Rg3 36. Qxh7+ 1-0

[Event "BL2-Sued 9495"]
[Site "Germany"]
[Date "1995.??.??"]
[Round "2.2"]
[White "Petrosian, Karen"]
[Black "Ksieski, Zbigniew"]
[Result "1-0"]
[WhiteElo "2380"]
[BlackElo "2365"]
[PlyCount "103"]
[EventDate "1994.10.??"]
[EventType "team-tourn"]
[EventRounds "9"]
[EventCountry "GER"]
[SourceTitle "GER-chT2"]
[Source "ChessBase"]
[SourceDate "1999.07.01"]
[SourceVersion "1"]
[SourceVersionDate "1999.07.01"]
[SourceQuality "1"]
[WhiteTeam "Sindelfingen"]
[BlackTeam "Bad Mergentheim"]
[WhiteTeamCountry "GER"]
[BlackTeamCountry "GER"]

1. d4 Nf6 2. c4 e6 3. Nc3 Bb4 4. e3 0-0 5. Nf3 c5 6. Bd3 d5 7. 0-0 Nc6 8. a3 Bxc3 9. bxc3 Qc7 10. h3 dxc4 11. Bxc4 e5 12. Ba2 Rd8 13. Ng5 Rd7 14. d5 c4 15. Bxc4 Ne7 16. Qb3 b5 17. Bxb5 Rd6 18. a4 h6 19. Nxf7 Kxf7 20. Ba3 Rb8 21. Qc4 Qd8 22. Qa2 Rxd5 23. Bc4 Ke8 24. Bxd5 Qxd5 25. Qxd5 Nexd5 26. Bd6 Rb3 27. c4 Nb6 28. Bxe5 Nxc4 29. Bd4 a5 30. Rfb1 Nd2 31. Rc1 Be6 32. Rc7 Kf8 33. Rac1 Ne8 34. Bc5+ Kg8 35. Re7 Bf7 36. Rd1 Rd3 37. Kh1 Nf6 38. f3 Bb3 39. Rc1 Bf7 40. Bd4 Nc4 41. Rxf7 Kxf7 42. Rxc4 Ra3 43. Rc7+ Kg6 44. Rc4 Ra2 45. e4 Nh5 46. Be5 Kg5 47. Bc7 g6 48. Kh2 Kh4 49. Bd8+ g5 50. e5+ Nf4 51. Rxf4+ Kh5 52. Re4 1-0

[Event "Budapest FS07 GM"]
[Site "Budapest"]
[Date "1995.??.??"]
[Round "?"]
[White "Petrosian, Karen"]
[Black "McDonald, Neil R"]
[Result "0-1"]
[WhiteElo "2400"]
[BlackElo "2425"]
[PlyCount "64"]
[EventDate "1995.07.??"]
[EventType "tourn"]
[EventRounds "13"]
[EventCountry "HUN"]
[EventCategory "7"]
[SourceTitle "EXT 1997"]
[Source "ChessBase"]
[SourceDate "1996.11.15"]
[SourceVersion "1"]
[SourceVersionDate "1996.11.15"]
[SourceQuality "1"]

1. d4 d5 2. c4 c6 3. Nf3 Nf6 4. Nc3 e6 5. Bg5 h6 6. Bxf6 Qxf6 7. e3 Nd7 8. Rc1 g6 9. e4 dxe4 10. Nxe4 Qf4 11. Bd3 Bg7 12. 0-0 0-0 13. Re1 c5 14. Nxc5 Nxc5 15. dxc5 Bxb2 16. Rb1 Bg7 17. Be4 e5 18. Qd6 Bf5 19. Bxf5 Qxf5 20. Rxb7 Rad8 21. Qc6 Rfe8 22. Nh4 Qg4 23. g3 e4 24. Ng2 Bd4 25. Rb3 Re6 26. Qc7 Bxf2+ 27. Kf1 Ree8 28. Re2 e3 29. Nxe3 Qf3 30. Qf4 Rd1+ 31. Nxd1 Qxe2+ 32. Kg2 Be3+ 0-1

[Event "Budapest FS08 GM"]
[Site "Budapest"]
[Date "1995.??.??"]
[Round "1"]
[White "Petrosian, Karen"]
[Black "Nikolaidis, Ioannis"]
[Result "1/2-1/2"]
[WhiteElo "2400"]
[BlackElo "2540"]
[PlyCount "61"]
[EventDate "1995.08.??"]
[EventType "tourn"]
[EventRounds "13"]
[EventCountry "HUN"]
[EventCategory "8"]
[SourceTitle "EXT 1997"]
[Source "ChessBase"]
[SourceDate "1996.11.15"]
[SourceVersion "1"]
[SourceVersionDate "1996.11.15"]
[SourceQuality "1"]

1. d4 Nf6 2. c4 g6 3. Nc3 Bg7 4. e4 0-0 5. Nf3 d6 6. Be2 e5 7. 0-0 Nc6 8. d5 Ne7 9. Ne1 Nd7 10. f3 f5 11. g4 Nf6 12. Nd3 c6 13. Be3 h6 14. h4 b5 15. dxc6 bxc4 16. Nb4 Be6 17. Nbd5 Nxc6 18. Bxc4 Nd4 19. exf5 gxf5 20. Bxd4 exd4 21. Re1 Bf7 22. Nxf6+ Qxf6 23. Nd5 Qxh4 24. Ne7+ Kh8 25. Nxf5 Qg5 26. Bxf7 Rxf7 27. Nxd6 Qf4 28. Rc1 Raf8 29. Rc8 Be5 30. Rxf8+ Rxf8 31. Nc4 1/2-1/2

[Event "BL2-Sued 9495"]
[Site "Germany"]
[Date "1995.??.??"]
[Round "6.2"]
[White "Petrosian, Karen"]
[Black "Pachman, Ludek"]
[Result "1-0"]
[WhiteElo "2380"]
[BlackElo "2340"]
[PlyCount "34"]
[EventDate "1994.10.??"]
[EventType "team-tourn"]
[EventRounds "9"]
[EventCountry "GER"]
[SourceTitle "GER-chT2"]
[Source "ChessBase"]
[SourceDate "1999.07.01"]
[SourceVersion "1"]
[SourceVersionDate "1999.07.01"]
[SourceQuality "1"]
[WhiteTeam "Sindelfingen"]
[BlackTeam "Passau"]
[WhiteTeamCountry "GER"]
[BlackTeamCountry "GER"]

1. d4 Nf6 2. c4 e6 3. Nc3 Bb4 4. e3 0-0 5. Bd3 d5 6. Nf3 Nc6 7. 0-0 a6 8. h3 h6 9. a3 dxc4 10. Bxc4 Bd6 11. e4 e5 12. dxe5 Nxe5 13. Nxe5 Bxe5 14. Bd3 Qe7 15. Re1 Rd8 16. Qf3 Be6 17. Bc2 Bc4 1-0

[Event "BL2-Sued 9495"]
[Site "Germany"]
[Date "1995.??.??"]
[Round "3.2"]
[White "Rausis, Igors"]
[Black "Petrosian, Karen"]
[Result "1/2-1/2"]
[WhiteElo "2485"]
[BlackElo "2380"]
[PlyCount "109"]
[EventDate "1994.10.??"]
[EventType "team-tourn"]
[EventRounds "9"]
[EventCountry "GER"]
[SourceTitle "GER-chT2"]
[Source "ChessBase"]
[SourceDate "1999.07.01"]
[SourceVersion "1"]
[SourceVersionDate "1999.07.01"]
[SourceQuality "1"]
[WhiteTeam "Viernheim"]
[BlackTeam "Sindelfingen"]
[WhiteTeamCountry "GER"]
[BlackTeamCountry "GER"]

1. e4 e6 2. d4 d5 3. Nd2 Nf6 4. Bd3 dxe4 5. Nxe4 Nxe4 6. Bxe4 Nd7 7. Ne2 Qh4 8. Qd3 Bb4+ 9. c3 Bd6 10. Be3 f5 11. Bf3 0-0 12. 0-0-0 e5 13. Qd2 f4 14. dxe5 Nxe5 15. g3 Qf6 16. Bd5+ Kh8 17. gxf4 Ng6 18. Rhg1 Bf5 19. Ng3 Rad8 20. Qd4 Bc8 21. Qxf6 Rxf6 22. Ne4 Rf5 23. Nxd6 Rxd6 24. Be4 Rxd1+ 25. Rxd1 Rf8 26. f5 Nh4 27. f6 gxf6 28. Bxa7 Bg4 29. Rg1 Bf3 30. Bc5 Rg8 31. Re1 Re8 32. Bd4 Re6 33. Bxf6+ Rxf6 34. Bxf3 Nxf3 35. Re7 Nxh2 36. Rxc7 b6 37. a4 Ng4 38. b4 Nxf2 39. a5 bxa5 40. bxa5 Ra6 41. Rf7 Ne4 42. Rf5 Nxc3 43. Kc2 Ne4 44. Kd3 Nd6 45. Rf6 Nb7 46. Rxa6 Nc5+ 47. Kc4 Nxa6 48. Kb5 Nb8 49. Kb6 h5 50. Kb7 Nd7 51. Kc6 h4 52. a6 Nb8+ 53. Kd5 Nxa6 54. Ke4 Nc5+ 55. Kf4 1/2-1/2

[Event "BL2-Sued 9394"]
[Site "Germany"]
[Date "1994.??.??"]
[Round "?.2"]
[White "Arnold, Lothar"]
[Black "Petrosian, Karen"]
[Result "0-1"]
[WhiteElo "2340"]
[BlackElo "2405"]
[PlyCount "82"]
[EventDate "1993.10.??"]
[EventType "team-tourn"]
[EventRounds "9"]
[EventCountry "GER"]
[SourceTitle "GER-chT2"]
[Source "ChessBase"]
[SourceDate "1999.07.01"]
[SourceVersion "1"]
[SourceVersionDate "1999.07.01"]
[SourceQuality "1"]
[WhiteTeam "Eppingen"]
[BlackTeam "Sindelfingen"]
[WhiteTeamCountry "GER"]
[BlackTeamCountry "GER"]

1. e4 c5 2. Nf3 d6 3. d4 cxd4 4. Nxd4 Nf6 5. Nc3 Nc6 6. Bc4 e6 7. Be3 Be7 8. Qe2 0-0 9. 0-0-0 Bd7 10. Bb3 Qb8 11. g4 Nxd4 12. Rxd4 e5 13. Rd2 Bxg4 14. f3 Be6 15. Rg1 Kh8 16. f4 exf4 17. Bxf4 Nd7 18. Bxe6 fxe6 19. Qg4 Bf6 20. Bxd6 Qe8 21. Bxf8 Nxf8 22. Rd3 b5 23. Kb1 Rc8 24. Rf3 Ng6 25. Qh5 Ne5 26. Qxe8+ Rxe8 27. Rff1 Nc4 28. Re1 b4 29. Nd1 Nd2+ 30. Kc1 Nf3 31. Ref1 Nxg1 32. Rxg1 Be5 33. Rg2 Bf4+ 34. Kb1 Rd8 35. Rg1 Bxh2 36. Rf1 g5 37. Ne3 Bf4 38. Ng4 Kg7 39. Nf2 a5 40. Nd3 e5 41. Nc5 Kg6 0-1

[Event "BL2-Sued 9394"]
[Site "Germany"]
[Date "1994.??.??"]
[Round "?.1"]
[White "Petrosian, Karen"]
[Black "Horvath, Tamas"]
[Result "1/2-1/2"]
[WhiteElo "2405"]
[BlackElo "2475"]
[PlyCount "36"]
[EventDate "1993.10.??"]
[EventType "team-tourn"]
[EventRounds "9"]
[EventCountry "GER"]
[SourceTitle "GER-chT2"]
[Source "ChessBase"]
[SourceDate "1999.07.01"]
[SourceVersion "1"]
[SourceVersionDate "1999.07.01"]
[SourceQuality "1"]
[WhiteTeam "Sindelfingen"]
[BlackTeam "Tuebingen"]
[WhiteTeamCountry "GER"]
[BlackTeamCountry "GER"]

1. d4 Nf6 2. Nf3 e6 3. Bg5 c5 4. e3 Be7 5. Nbd2 b6 6. Bd3 Nc6 7. c3 Bb7 8. 0-0 0-0 9. Qa4 cxd4 10. cxd4 a6 11. Rac1 Nd5 12. Bxe7 Qxe7 13. Qa3 Ndb4 14. Be2 f5 15. Nc4 b5 16. Na5 Nxa5 17. Qxa5 Bd5 18. Ne5 Nc6 1/2-1/2

[Event "BL2-Sued 9394"]
[Site "Germany"]
[Date "1994.??.??"]
[Round "?.2"]
[White "Wilde, Pierre"]
[Black "Petrosian, Karen"]
[Result "0-1"]
[WhiteElo "2295"]
[BlackElo "2405"]
[PlyCount "70"]
[EventDate "1993.10.??"]
[EventType "team-tourn"]
[EventRounds "9"]
[EventCountry "GER"]
[SourceTitle "GER-chT2"]
[Source "ChessBase"]
[SourceDate "1999.07.01"]
[SourceVersion "1"]
[SourceVersionDate "1999.07.01"]
[SourceQuality "1"]
[WhiteTeam "Stuttgart"]
[BlackTeam "Sindelfingen"]
[WhiteTeamCountry "GER"]
[BlackTeamCountry "GER"]

1. d4 Nf6 2. c4 c5 3. d5 b5 4. Nf3 g6 5. a4 bxc4 6. Nc3 d6 7. e4 Bg7 8. Bxc4 0-0 9. h3 Nbd7 10. a5 Ne8 11. 0-0 Nc7 12. Bf4 Rb8 13. Qe2 Rb4 14. Rfe1 Bb7 15. Ra2 Ba8 16. Qd3 Qb8 17. e5 dxe5 18. Nxe5 Nxe5 19. Bxe5 Bxe5 20. Rxe5 e6 21. d6 Ne8 22. d7 Nf6 23. Rxc5 Qb7 24. f3 Nxd7 25. Rb5 Rxb5 26. Bxb5 Ne5 27. Qe3 Qc7 28. Ra4 Rb8 29. Rd4 a6 30. Bxa6 Rxb2 31. Ne4 Bxe4 32. Rxe4 Nxf3+ 33. Qxf3 Qa7+ 34. Kh1 Qxa6 35. Qc3 Qf1+ 0-1

[Event "Budapest Spring op 09th"]
[Site "Budapest"]
[Date "1993.??.??"]
[Round "6"]
[White "Petrosian, Karen"]
[Black "Bodrogi, Mihaly"]
[Result "1-0"]
[WhiteElo "2440"]
[BlackElo "2245"]
[PlyCount "61"]
[EventDate "1993.03.??"]
[EventType "swiss"]
[EventRounds "9"]
[EventCountry "HUN"]
[SourceTitle "EXT 1998"]
[Source "ChessBase"]
[SourceDate "1997.11.17"]
[SourceVersion "1"]
[SourceVersionDate "1997.11.17"]
[SourceQuality "1"]

1. d4 g6 2. e4 Bg7 3. h4 c5 4. d5 e5 5. d6 h6 6. Nc3 Nf6 7. Nd5 Nxd5 8. Qxd5 Qb6 9. h5 g5 10. Nf3 Qc6 11. Qd3 b6 12. Be3 Ba6 13. Qd2 Qxe4 14. Bxa6 Nxa6 15. c3 f5 16. 0-0-0 f4 17. Rhe1 fxe3 18. Rxe3 Qc6 19. Qd3 Qa4 20. Qg6+ Kf8 21. Re4 Qxa2 22. Nxe5 Kg8 23. Nc6 Rh7 24. Re8+ Rxe8 25. Qxe8+ Bf8 26. Ne7+ Kg7 27. Qg6+ Kh8 28. Qf6+ Bg7 29. Ng6+ Kg8 30. Qd8+ Kf7 31. Qe7+ 1-0

[Event "Belgorod-B"]
[Site "Belgorod"]
[Date "1991.??.??"]
[Round "?"]
[White "Gurevich, Vladimir"]
[Black "Petrosian, Karen"]
[Result "1/2-1/2"]
[WhiteElo "2435"]
[BlackElo "2275"]
[PlyCount "53"]
[EventDate "1991.??.??"]
[EventType "tourn"]
[EventRounds "11"]
[EventCountry "URS"]
[EventCategory "4"]
[SourceTitle "TD"]
[Source "ChessBase"]
[SourceDate "1994.03.01"]
[SourceVersion "1"]
[SourceVersionDate "1994.03.01"]
[SourceQuality "1"]

1. e4 c5 2. Nf3 e6 3. d4 cxd4 4. Nxd4 Nf6 5. Nc3 d6 6. Be2 Be7 7. 0-0 0-0 8. f4 Nc6 9. Be3 e5 10. Nb3 exf4 11. Bxf4 Be6 12. Kh1 d5 13. e5 Nd7 14. Nxd5 Ndxe5 15. c4 Bg5 16. Qc1 Bxf4 17. Nxf4 Qe7 18. a3 Rad8 19. Qc3 Bg4 20. Rae1 Qh4 21. Kg1 Rfe8 22. h3 Bxe2 23. Rxe2 Ng6 24. Ref2 Nge5 25. Re2 Ng6 26. Ref2 Nge5 27. Re2 1/2-1/2

[Event "Budapest Spring op 07th"]
[Site "Budapest"]
[Date "1991.??.??"]
[Round "8"]
[White "Martynov, Pavel"]
[Black "Petrosian, Karen"]
[Result "1/2-1/2"]
[WhiteElo "2465"]
[BlackElo "2275"]
[PlyCount "87"]
[EventDate "1991.03.??"]
[EventType "swiss"]
[EventRounds "9"]
[EventCountry "HUN"]
[SourceTitle "TD"]
[Source "ChessBase"]
[SourceDate "1994.03.01"]
[SourceVersion "1"]
[SourceVersionDate "1994.03.01"]
[SourceQuality "1"]

1. Nf3 Nf6 2. d4 d5 3. c3 g6 4. Bg5 Bg7 5. Nbd2 0-0 6. e3 Nbd7 7. Bd3 Re8 8. h4 e5 9. dxe5 Nxe5 10. Nxe5 Rxe5 11. Nf3 Bg4 12. Qa4 Bxf3 13. gxf3 c6 14. 0-0-0 h6 15. f4 Re8 16. Bxf6 Qxf6 17. f5 b5 18. Qf4 g5 19. hxg5 hxg5 20. Qg4 b4 21. Qxb4 Rab8 22. Qc5 Rb6 23. Kc2 Reb8 24. Rb1 Rb5 25. Qd4 Qe7 26. Qa4 R5b6 27. Rhg1 c5 28. Qa3 R6b7 29. Kc1 Rc7 30. Kd2 Qf6 31. Bc2 d4 32. e4 Rxb2 33. c4 Rxb1 34. Rxb1 Rc8 35. Rb7 Qe5 36. Qg3 Qxg3 37. fxg3 Be5 38. g4 Rc7 39. Rb8+ Kg7 40. a4 Kf6 41. Ra8 Bd6 42. Re8 Rb7 43. Kd3 Be7 44. Bd1 1/2-1/2

[Event "Zalakaros op 10th"]
[Site "Zalakaros"]
[Date "1991.??.??"]
[Round "4"]
[White "Petrosian, Karen"]
[Black "Horvath, Gyula"]
[Result "1/2-1/2"]
[WhiteElo "2275"]
[BlackElo "2420"]
[PlyCount "103"]
[EventDate "1991.05.??"]
[EventType "swiss"]
[EventRounds "9"]
[EventCountry "HUN"]
[SourceTitle "TD"]
[Source "ChessBase"]
[SourceDate "1994.03.01"]
[SourceVersion "1"]
[SourceVersionDate "1994.03.01"]
[SourceQuality "1"]

1. d4 Nf6 2. Nf3 c5 3. d5 g6 4. c4 b5 5. cxb5 a6 6. bxa6 Bxa6 7. Nc3 d6 8. e4 Bxf1 9. Kxf1 Bg7 10. g3 0-0 11. Kg2 Nbd7 12. h3 Qb6 13. Re1 Ne8 14. Re2 Nc7 15. Bg5 h6 16. Bf4 Nb5 17. Rc1 g5 18. Be3 f5 19. exf5 Rxf5 20. g4 Rf7 21. Nxb5 Qxb5 22. b3 Qb7 23. Rd2 Nf6 24. Rc4 Raf8 25. Kg1 Nxd5 26. Rxd5 Rxf3 27. Qd3 Rxh3 28. Qe4 Rhf3 29. b4 cxb4 30. Rxb4 Qd7 31. Rdb5 e5 32. Qd5+ Qf7 33. a4 Kh7 34. Qxf7 R3xf7 35. Rd5 Ra8 36. a5 Bf8 37. Rc4 Ra6 38. Rc8 Kg7 39. Rb5 Be7 40. Kf1 Rf8 41. Rc7 Kf6 42. Rbb7 Bd8 43. Rc8 Rxa5 44. Bb6 Ra1+ 45. Kg2 Be7 46. Rcc7 Rb1 47. Rd7 Rxb6 48. Rxe7 Ra8 49. Rh7 Ke6 50. Rbg7 Rf8 51. Rxh6+ Rf6 52. Rgg6 1/2-1/2

[Event "Belgorod-B"]
[Site "Belgorod"]
[Date "1991.??.??"]
[Round "?"]
[White "Petrosian, Karen"]
[Black "Jurkovic, Ante"]
[Result "1-0"]
[WhiteElo "2275"]
[BlackElo "2325"]
[PlyCount "81"]
[EventDate "1991.??.??"]
[EventType "tourn"]
[EventRounds "11"]
[EventCountry "URS"]
[EventCategory "4"]
[SourceTitle "TD"]
[Source "ChessBase"]
[SourceDate "1994.03.01"]
[SourceVersion "1"]
[SourceVersionDate "1994.03.01"]
[SourceQuality "1"]

1. d4 Nf6 2. c4 c5 3. d5 e6 4. Nc3 exd5 5. cxd5 d6 6. Nf3 g6 7. g3 Bg7 8. Bg2 0-0 9. 0-0 a6 10. a4 Nbd7 11. Bf4 Qe7 12. h3 Ne8 13. Bg5 Bf6 14. Bh6 Bg7 15. Bg5 f6 16. Bd2 Rb8 17. Rb1 Ne5 18. Nxe5 Qxe5 19. f4 Qe7 20. e4 Bd7 21. f5 Nc7 22. b4 b6 23. Ne2 gxf5 24. exf5 Bxa4 25. Qxa4 Qxe2 26. Bf4 Nb5 27. Rbe1 Qd3 28. bxc5 bxc5 29. Qxa6 Ra8 30. Qc6 Ra2 31. Rf2 Rxf2 32. Kxf2 Nd4 33. Qb7 Qc2+ 34. Kf1 Qd3+ 35. Kf2 Qc2+ 36. Kf1 Nxf5 37. Be4 Qc4+ 38. Kf2 Nd4 39. Bxd6 Re8 40. Qb1 Nb5 41. Bxh7+ 1-0

[Event "Belgorod-B"]
[Site "Belgorod"]
[Date "1991.??.??"]
[Round "?"]
[White "Petrosian, Karen"]
[Black "Panchenko, Alexandar G"]
[Result "1/2-1/2"]
[WhiteElo "2275"]
[BlackElo "2430"]
[PlyCount "32"]
[EventDate "1991.??.??"]
[EventType "tourn"]
[EventRounds "11"]
[EventCountry "URS"]
[EventCategory "4"]
[SourceTitle "TD"]
[Source "ChessBase"]
[SourceDate "1994.03.01"]
[SourceVersion "1"]
[SourceVersionDate "1994.03.01"]
[SourceQuality "1"]

1. Nf3 Nf6 2. c4 e6 3. Nc3 c5 4. g3 b6 5. Bg2 Bb7 6. 0-0 Be7 7. b3 0-0 8. d4 cxd4 9. Nxd4 Bxg2 10. Kxg2 d5 11. cxd5 Nxd5 12. Bb2 Nxc3 13. Bxc3 Qd5+ 14. f3 Nd7 15. e4 Qb7 16. Qe2 Rac8 1/2-1/2